الأحكام السلطانية و الولايات الدينية : (رقم التسجيلة. 4564)
[ عرض عادي ]
| 000 -الفاتح | |
|---|---|
| عناصر البيانات ثابتة الطول | 00867cam a2200181 i 4500 |
| 005 - تاريخ ووقت آخر معاملة | |
| حقل ضبط | 20251215102319.0 |
| 008 - عناصر البيانات ثابتة الطول | |
| عناصر البيانات ثابتة الطول | 250721s1989 iq gr 000 0 ara d |
| 082 14 - رقم تصنيف ديوي العشري | |
| رقم التصنيف | 216.91 |
| رقم المادة | م ا و |
| 100 1# - مدخل رئيسي – اسم شخصي | |
| الاسم الشخصي | الماوردي، أبو الحسن علي بن محمد |
| تواريخ خاصة بالشخص | 450ه. |
| علاقة الشخص بالعمل/ دوره | مؤلف. |
| 245 12 - بيان العنوان | |
| العنوان | الأحكام السلطانية و الولايات الدينية : |
| بقية العنوان | أقباس الأنام في تخريج أحاديث الأحكام / |
| بيان المسؤولية | تاليف ابي الحسن علي بن محمد بن حبيب البصري البغدادي الماوري ، الدكتور خالد رشيد الجميلي. |
| 264 31 - بيانات النشر، التوزيع…إلخ | |
| مكان النشر، التوزيع...إلخ | بغداد : |
| تاريخ النشر، التوزيع...إلخ | 1989. |
| 300 ## - الوصف المادي | |
| عدد الوحدات المكونة للوعاء | 399 صفحه. |
| 650 17 - مدخل إضافي بالموضوع - مصطلح موضوعي | |
| مصطلح موضوعي أو اسم جغرافي كعنصر مدخل | الفقه الإسلامي. |
| 650 17 - مدخل إضافي بالموضوع - مصطلح موضوعي | |
| مصطلح موضوعي أو اسم جغرافي كعنصر مدخل | الأحكام السلطانية. |
| 700 1# - مدخل إضافي - اسم شخصي | |
| الاسم الشخصي | الجميلي، خالد رشيد |
| علاقة الشخص بالعمل/ دوره | مؤلف. |
| 942 ## - بيانات إضافية (كوها) | |
| نوع التنصيف | Dewey Decimal Classification |
| نوع المادة (كوها) | كتب |
| حالة السحب | حالة الفقدان | مصدر التصنيف | حالة التلف | غير قابل للإعارة | المكتبة الرئيسية | المكتبة الحالية | موقع الرف | تاريخ التزويد | الرقم المتسلسل | Total Checkouts | رقم الإستدعاء | الباركود | تاريخ آخر ظهور | تاريخ الفاتورة | نوع المادة (كوها) |
|---|---|---|---|---|---|---|---|---|---|---|---|---|---|---|---|
| Dewey Decimal Classification | المكتبة المركزية | المكتبة المركزية | الإعارة | 06/07/2004 | 466915 | 216.91 / م ا و | 466915 | 28/07/2025 | 06/07/2004 | كتب |